000 00423nam a2200157 i 4500
001 23907
003 ES-MaACL
005 20230906152944.0
007 t|
008 021213s1967 sp ||||1| spa d
100 1 _aAnorbin, Antón de.
_921815
245 1 0 _aMensaje de resurrección /
_cAntón de Anorbin.
260 _aVitoria :
_bEl Carmen,
_c1967.
300 _a115 p. ;
_c17 cm.
852 _aES-MaACL
_jC-33696
_bR.64467
999 _c23907
_d23907